<?xml version="1.0" encoding="UTF-8"?>
<record
    xmlns:xsi="http://www.w3.org/2001/XMLSchema-instance"
    xsi:schemaLocation="http://www.loc.gov/MARC21/slim http://www.loc.gov/standards/marcxml/schema/MARC21slim.xsd"
    xmlns="http://www.loc.gov/MARC21/slim">

  <leader>01747nam a22003137a 4500</leader>
  <controlfield tag="001">341</controlfield>
  <controlfield tag="003">OSt</controlfield>
  <controlfield tag="005">20250528074018.0</controlfield>
  <controlfield tag="008">250328b        |||||||e |||| 00| f eng d</controlfield>
  <datafield tag="040" ind1=" " ind2=" ">
    <subfield code="b">por</subfield>
  </datafield>
  <datafield tag="041" ind1=" " ind2=" ">
    <subfield code="h">rus</subfield>
    <subfield code="a">por</subfield>
  </datafield>
  <datafield tag="082" ind1=" " ind2=" ">
    <subfield code="a">891.73 </subfield>
    <subfield code="b">G613a</subfield>
  </datafield>
  <datafield tag="100" ind1="1" ind2=" ">
    <subfield code="a">Gogol, Nikolai Vassilievitch,</subfield>
    <subfield code="d">1809-1852.</subfield>
    <subfield code="9">708</subfield>
  </datafield>
  <datafield tag="240" ind1=" " ind2=" ">
    <subfield code="a">Dead Souls</subfield>
  </datafield>
  <datafield tag="245" ind1=" " ind2=" ">
    <subfield code="a">Almas Mortas /</subfield>
    <subfield code="c"> Gogol, Nikolai Vassilievitch ; Tradu&#xE7;&#xE3;o de Tatiana Belinky</subfield>
  </datafield>
  <datafield tag="260" ind1=" " ind2=" ">
    <subfield code="a">S&#xE3;o Paulo </subfield>
    <subfield code="b">Abril</subfield>
    <subfield code="c">1972</subfield>
  </datafield>
  <datafield tag="300" ind1=" " ind2=" ">
    <subfield code="a">449 p.</subfield>
  </datafield>
  <datafield tag="490" ind1="1" ind2=" ">
    <subfield code="a">Os Imortais da Literatura Universal</subfield>
    <subfield code="v">vol. 42</subfield>
  </datafield>
  <datafield tag="520" ind1=" " ind2=" ">
    <subfield code="a">O romance narra, em grande parte, as viagens do conselheiro civil P&#xE1;vel Iv&#xE1;novitch Tch&#xED;tchicov atrav&#xE9;s da R&#xFA;ssia, tentando enriquecer a qualquer custo.

Nem tudo corria bem para os propriet&#xE1;rios rurais da R&#xFA;ssia, nos anos que se seguiram &#xE0; invas&#xE3;o napole&#xF4;nica de 1812. De tempos em tempos, o Estado russo fazia um recenseamento de sua popula&#xE7;&#xE3;o rural. Enquanto o novo censo n&#xE3;o era realizado, os senhores rurais eram obrigados a pagar impostos pelo n&#xFA;mero total de servos, mesmo que eles tivessem morrido ou fugido. Tch&#xED;tchicov procura os senhores rurais e lhes compra essas "almas mortas". Depois, de posse dos contratos, penhora-os, com lucro.

Introdutor do realismo na literatura russa, G&#xF3;gol observa a realidade e revela os m&#xF3;veis mais profundos das a&#xE7;&#xF5;es humanas, ultrapassando as fronteiras do absurdo</subfield>
  </datafield>
  <datafield tag="650" ind1=" " ind2="0">
    <subfield code="a">Literatura Russa</subfield>
    <subfield code="9">195</subfield>
  </datafield>
  <datafield tag="650" ind1=" " ind2="0">
    <subfield code="a">Viagens</subfield>
    <subfield code="9">189</subfield>
  </datafield>
  <datafield tag="650" ind1=" " ind2="0">
    <subfield code="a">Invas&#xE3;o Napole&#xF4;nica</subfield>
    <subfield code="9">709</subfield>
  </datafield>
  <datafield tag="650" ind1=" " ind2="0">
    <subfield code="a">Cl&#xE1;ssicos</subfield>
    <subfield code="9">77</subfield>
  </datafield>
  <datafield tag="655" ind1=" " ind2="0">
    <subfield code="a">Romance</subfield>
    <subfield code="9">23</subfield>
  </datafield>
  <datafield tag="655" ind1=" " ind2="0">
    <subfield code="a">Fic&#xE7;&#xE3;o </subfield>
    <subfield code="9">22</subfield>
  </datafield>
  <datafield tag="700" ind1="1" ind2=" ">
    <subfield code="a">Belinky, Tatiana,</subfield>
    <subfield code="d">1919-2013</subfield>
    <subfield code="e">TRADUTORA</subfield>
    <subfield code="9">710</subfield>
  </datafield>
  <datafield tag="830" ind1=" " ind2=" ">
    <subfield code="a">Os Imortais da Literatura Universal</subfield>
    <subfield code="9">461</subfield>
    <subfield code="v">vol. 42</subfield>
  </datafield>
  <datafield tag="942" ind1=" " ind2=" ">
    <subfield code="2">ddc</subfield>
    <subfield code="n">0</subfield>
    <subfield code="c">BK</subfield>
  </datafield>
  <datafield tag="952" ind1=" " ind2=" ">
    <subfield code="0">0</subfield>
    <subfield code="1">0</subfield>
    <subfield code="2">ddc</subfield>
    <subfield code="4">0</subfield>
    <subfield code="7">0</subfield>
    <subfield code="8">FIC</subfield>
    <subfield code="a">BIBIB</subfield>
    <subfield code="b">BIBIB</subfield>
    <subfield code="c">LE</subfield>
    <subfield code="d">2025-03-28</subfield>
    <subfield code="e">doa&#xE7;&#xE3;o</subfield>
    <subfield code="l">0</subfield>
    <subfield code="o">891.73 / G613a</subfield>
    <subfield code="p">2025-17295</subfield>
    <subfield code="r">2025-03-28 08:28:45</subfield>
    <subfield code="w">2025-03-28</subfield>
    <subfield code="y">BK</subfield>
  </datafield>
  <datafield tag="999" ind1=" " ind2=" ">
    <subfield code="c">341</subfield>
    <subfield code="d">341</subfield>
  </datafield>
</record>
